00859cam a2200253 a 45000010008000000030006000080050017000140080041000310100017000720200032000890200027001210400018001480500022001660820022001881300042002102450111002522600035003633000028003985000026004265000027004525000020004797000017004998560089005163977316GBCCL20241126110712.0950127s1995 txu 001 0 eng  a 95002380  a0849950988 (bonded leather) a0849950619 (hardcover) aDLCcDLCdDLC00aBS195b.N353 199500a220.5208220bBIB0 aBible.lEnglish.sNew Century.f1995.14aThe inspirational study Bible :blife lessons from the inspired word of God /cMax Lucado, general editor. aDallas :bWord Bibles,cc1995. axiii, 1518 p. ;c25 cm. a"The everyday Bible." a"New Century Version." aIncludes index.1 aLucado, Max.423Publisher descriptionuhttp://www.loc.gov/catdir/enhancements/fy0609/95002380-d.html